گا ند ھی نا مہ : (Record no. 71989)

MARC details
000 -LEADER
fixed length control field 01008nam a22002537a 4500
005 - DATE AND TIME OF LATEST TRANSACTION
control field 20100826122442.0
008 - FIXED-LENGTH DATA ELEMENTS--GENERAL INFORMATION
fixed length control field 090109t xxu||||| |||| 00| 0urd d
010 ## - LCCN (DPL NO)
LC control number UR-8008
020 ## - INTERNATIONAL STANDARD BOOK NUMBER
Terms of availability 100.00
035 ## - SYSTEM CONTROL NUMBER
System control number U-6563
037 ## - SOURCE OF ACQUISITION
Source of stock number/acquisition DBAD/PUB
040 ## - CATALOGING SOURCE
Original cataloging agency DPL
Language of cataloging urdu
082 ## - DEWEY DECIMAL CLASSIFICATION NUMBER
Classification number 841
100 ## - MAIN ENTRY--PERSONAL NAME
9 (RLIN) 12785
Personal name تد و ین و تقد یم : فخر ا لکر یم
245 ## - TITLE STATEMENT
Title گا ند ھی نا مہ :
Remainder of title ا کپر ا لہ آ پا د ی /
Statement of responsibility, etc تد و ین و تقد یم : فخر ا لکر یم
246 ## - VARYING FORM OF TITLE
Title proper/short title Gandhi Nama: Long Poem of Akbar Allahabadi /
Remainder of title Edited by F.K. Siddiqui
260 ## - PUBLICATION, DISTRIBUTION, ETC. (IMPRINT)
Place of publication, distribution, etc ا لہ آ پا د
Date of publication, distribution, etc 2010 ء
Name of publisher, distributor, etc ا د ا رۂ نیا سفر ‎‏‏
270 ## - ADDRESS
City Allahabad
300 ## - PHYSICAL DESCRIPTION
Extent 88 ص
Dimensions 22 س م (Pb)
650 ## - SUBJECT ADDED ENTRY--TOPICAL TERM
9 (RLIN) 12786
700 ## - ADDED ENTRY--PERSONAL NAME
9 (RLIN) 54088
Personal name تد و ین و تقد یم : فخر ا لکر یم
942 ## - ADDED ENTRY ELEMENTS (KOHA)
Source of classification or shelving scheme Dewey Decimal Classification
Item type Urdu Bks
Classification part 841
Call number suffix ف خ ر
Holdings
Withdrawn status Lost status Source of classification or shelving scheme Damaged status Not for loan Collection code Home library Current library Date acquired Cost, normal purchase price Total Checkouts Full call number Barcode Date last seen Copy number Cost, replacement price Koha item type
    Dewey Decimal Classification     Non-fiction D.B.Act.Division D.B.Act.Division 10/12/2012 100.00   841 ف خ ر U-6563 10/12/2012 1 100.00 Urdu Bks

© Delhi Public Library
Hit Counter
free hit counter